[Event "BEL-chT 1718"]
[Site "Belgium"]
[Date "2017.10.01"]
[Round "2.4"]
[White "De Rover, Yong Hoon"]
[Black "Haast, Anne"]
[Result "1-0"]
[WhiteElo "2401"]
[BlackElo "2296"]
[PlyCount "85"]
[EventDate "2017.09.24"]
[EventType "team-tourn"]
[EventRounds "11"]
[EventCountry "BEL"]
[SourceTitle "EXT 2019"]
[Source "ChessBase"]
[SourceDate "2018.10.10"]
[SourceVersion "1"]
[SourceVersionDate "2018.10.10"]
[SourceQuality "1"]
[WhiteTeam "Wachtebeke"]
[BlackTeam "TSM Schifflange"]
[WhiteTeamCountry "BEL"]
[BlackTeamCountry "BEL"]

1. Nf3 d5 2. g3 Bg4 3. Bg2 Nd7 4. c4 c6 5. 0-0 Ngf6 6. Qc2 e5 7. d4 exd4 8. Nxd4 Bc5 9. Be3 0-0 10. Rd1 Re8 11. cxd5 Nxd5 12. Bxd5 cxd5 13. Nc3 Rc8 14. Qb3 Nb6 15. Nc2 Qf6 16. Bxc5 Rxc5 17. Ne3 Be6 18. Qb4 Rec8 19. a4 Qe5 20. a5 Nd7 21. Qd4 Qxd4 22. Rxd4 Nf6 23. f3 h5 24. Kf2 Kf8 25. Ke1 Ke7 26. Rb4 R8c7 27. Kd2 Bd7 28. Ra3 Ke6 29. Nc2 Rc4 30. e3 Kd6 31. Rbb3 Kc5 32. Nd4 a6 33. Rb6 Rb4 34. Rb3 Rxb6 35. Rxb6 Ne8 36. Kd3 Bc6 37. b4+ Kd6 38. b5 axb5 39. Ncxb5+ Kd7 40. Nxc7 Kxc7 41. Nxc6 bxc6 42. Rb1 Nd6 43. Kd4 1-0